Измерение уровня жидкости в закрытых резервуарах; Современные техника и технологии; Т. 1
| Parent link: | Современные техника и технологии: сборник трудов XV Международной научно-практической конференции студентов, аспирантов и молодых ученых, Томск, 4-8 мая 2009 г/ Национальный исследовательский Томский политехнический университет (ТПУ).— , 2009 Т. 1.— 2009.— [С. 167-169] |
|---|---|
| 第一著者: | |
| その他の著者: | |
| 要約: | Заглавие с титульного листа Электронная версия печатной публикации |
| 言語: | ロシア語 |
| 出版事項: |
2009
|
| 主題: | |
| オンライン・アクセス: | http://www.lib.tpu.ru/fulltext/c/2009/C01/V1/082.pdf |
| フォーマット: | 電子媒体 図書の章 |
| KOHA link: | https://koha.lib.tpu.ru/cgi-bin/koha/opac-detail.pl?biblionumber=241097 |
MARC
| LEADER | 00000naa2a2200000 4500 | ||
|---|---|---|---|
| 001 | 241097 | ||
| 005 | 20251215145253.0 | ||
| 035 | |a (RuTPU)RU\TPU\book\262363 | ||
| 035 | |a RU\TPU\book\262360 | ||
| 090 | |a 241097 | ||
| 100 | |a 20130702d2009 k y0rusy50 ca | ||
| 101 | 0 | |a rus | |
| 102 | |a RU | ||
| 135 | |a drnn ---uucaa | ||
| 181 | 0 | |a i | |
| 182 | 0 | |a b | |
| 200 | 1 | |a Измерение уровня жидкости в закрытых резервуарах |f М. В. Журавлев |g науч. рук. А. И. Солдатов | |
| 203 | |a Текст |c электронный | ||
| 215 | |a 1 файл (388 Кб) | ||
| 300 | |a Заглавие с титульного листа | ||
| 300 | |a Электронная версия печатной публикации | ||
| 337 | |a Adobe Reader | ||
| 461 | 0 | |0 (RuTPU)RU\TPU\book\261117 |t Современные техника и технологии |o сборник трудов XV Международной научно-практической конференции студентов, аспирантов и молодых ученых, Томск, 4-8 мая 2009 г |o в 3 т. |f Национальный исследовательский Томский политехнический университет (ТПУ) |d 2009 | |
| 463 | 0 | |0 (RuTPU)RU\TPU\book\261157 |t Т. 1 |v [С. 167-169] |d 2009 | |
| 610 | 1 | |a электронный ресурс | |
| 610 | 1 | |a труды учёных ТПУ | |
| 610 | 1 | |a жидкость | |
| 610 | 1 | |a уровни жидкости | |
| 610 | 1 | |a закрытые резервуары | |
| 610 | 1 | |a методы измерения | |
| 610 | 1 | |a ультразвуковые методы | |
| 610 | 1 | |a датчики | |
| 700 | 1 | |a Журавлёв (Журавлев) |b М. В. |c физик |c научный сотрудник Томского политехнического университета, кандидат технических наук |f 1986- |g Михаил Валерьевич |3 (RuTPU)RU\TPU\pers\29441 |9 13994 | |
| 702 | 1 | |a Солдатов |b А. И. |4 727 | |
| 801 | 1 | |a RU |b 63413507 |c 20130617 | |
| 801 | 2 | |a RU |b 63413507 |c 20131024 |g RCR | |
| 856 | 4 | |u http://www.lib.tpu.ru/fulltext/c/2009/C01/V1/082.pdf |z http://www.lib.tpu.ru/fulltext/c/2009/C01/V1/082.pdf | |
| 942 | |c CF | ||